| 000 | 00603nam a22001937a 4500 | ||
|---|---|---|---|
| 999 |
_c190682 _d190682 |
||
| 005 | 20220802152149.0 | ||
| 010 | _aENG-134167 | ||
| 020 |
_c950.00 _a9789384566166 |
||
| 035 | _aEN-117699 | ||
| 037 | _bDBAD/PUB | ||
| 082 | _a181.46 | ||
| 100 | _aDutt,Mohendranath | ||
| 245 |
_aSwami Vivekananda/ _cby Mohendranath Dutt;translated by Bhaskar Ray |
||
| 260 |
_bInstitute of Social and Cultural Studies _c2019 _aKolKata |
||
| 270 |
_a48/2,Dr.Suresh Shankar Road, _bKolkata _e700014 |
||
| 300 |
_a498p.: _c22cm(Hb} _bill. |
||
| 700 | _aRay,Bhaskar | ||
| 942 |
_2ddc _cEN _h181.46 _mDUT |
||